00325nam a2200121Ia 4500008004100000041000800041082001400049100001900063245004500082260003800127300003100165365000700196240624s9999 xx 000 0 und d aeng a332.1 SUB aSUBBULAKSHMI V aBANKING REFORM AND RESTRUCTURING AN INTR c2005aHyderabadbICFAI University avii, : 159 : p. : cm. ; 23 cRS